| 000 | 00551nam a2200193 a 4500 | ||
|---|---|---|---|
| 005 | 20210223120442.0 | ||
| 008 | 991125s1999 es 000 0 spa u | ||
| 020 | _a8474326915 | ||
| 035 | _aUPN01000001488 | ||
| 049 | _aCG | ||
| 050 | 4 |
_aP211 _bP4.28 |
|
| 100 | 1 | _aPetrucci, Armando | |
| 245 | 1 | 0 |
_aAlfabetismo, escritura, sociedad / _cprĂ³l. de Roger Chartier ; tr. Juan Carlos Gentile Vitale. |
| 260 |
_aBarcelona, Esp. : _bGedisa, _c1999. |
||
| 300 | _a319 p. | ||
| 440 | 0 |
_aLeA ; _v14 |
|
| 650 | 4 |
_aESCRITURA - _xHISTORIA _920466 |
|
| 905 | _aLibro | ||
| 999 |
_c1488 _d1488 |
||